000 00399nam a22001457a 4500
020 _a9788197841507
082 _aM 001.42
_bMID/G
245 _aGaveshanareethisastram:
_bsidhanthavum prayogavum/
_cby Midhun K S (ed.)
250 _a2nd ed.
260 _aKozhikode:
_bPavanatma Publishers,
_c2024.
300 _a376p.
650 _aResearch Methodology
700 _aMidhun K.S. (ed.)
942 _cBK
999 _c181870
_d181870